00590nam a22001817a 450000500170000001000150001702000260003203500140005803700130007208200140008510000220009924501370012126000370025827000530029530000200034850000240036870000160039220171207155321.0 aENG-121770 a9788176800327c225.00 aEN-105302 bDBAD/PUB a370.78097 aGoswamee,Gayatree aPerspectives on educational research:ba compendium of research projects in education/cby Gayatree Goswamee ; edited by Runumi Devi aGuwahatibShanti Prakashanc2015 aCollege Hostel Road Guwahati-1bGuwahatie781009 a215p.c22cm(Hb) aIncludes references a Runumi Dev